[Event "Madrid ch 2022-2023 Semifinal"]
[Site "Madrid ESP"]
[Date "2023.05.03"]
[Round "1.1"]
[White "Horcajuelo Rocamora, Martin"]
[Black "Lozano Freras, Sergio"]
[Result "1-0"]
[WhiteElo "2274"]
[BlackElo "1971"]
[PlyCount "49"]
[EventDate "2023.05.03"]
[EventType "swiss"]
[EventRounds "9"]
[EventCountry "ESP"]
[SourceTitle "Ajedrez en Madrid"]
[Source "lmi"]
[SourceDate "2023.05.03"]
[SourceVersion "1"]
[SourceVersionDate "2023.05.10"]
[SourceQuality "1"]

1. d4 d6 2. e4 Nf6 3. Nc3 e5 4. dxe5 dxe5 5. Qxd8+ Kxd8 6. Bc4 Be6 7. Bxe6 fxe6
8. Nh3 Bc5 9. f3 Nc6 10. Na4 Bd6 11. Be3 Ke7 12. Nf2 Nb4 13. Kd2 Rhd8 14. Kc1
a5 15. a3 Na6 16. c4 b6 17. Nd3 h6 18. Kc2 Nd7 19. Rhb1 Ndc5 20. Naxc5 Nxc5 21.
Bxc5 bxc5 22. b4 axb4 23. axb4 c6 24. bxc5 Bc7 25. Nb4 1-0

[Event "Madrid ch 2022-2023 Semifinal"]
[Site "Madrid ESP"]
[Date "2023.05.03"]
[Round "1.2"]
[White "Feal Albala, Alonso"]
[Black "Rey Martinez, Jaime"]
[Result "0-1"]
[WhiteElo "1959"]
[BlackElo "2217"]
[PlyCount "48"]
[EventDate "2023.05.03"]
[EventType "swiss"]
[EventRounds "9"]
[EventCountry "ESP"]
[SourceTitle "Ajedrez en Madrid"]
[Source "lmi"]
[SourceDate "2023.05.03"]
[SourceVersion "1"]
[SourceVersionDate "2023.05.10"]
[SourceQuality "1"]

1. e4 c5 2. Nf3 Nc6 3. d4 cxd4 4. Nxd4 g6 5. Nc3 Bg7 6. Nb3 Nf6 7. Bc4 O-O 8.
O-O d6 9. Re1 Bg4 10. f3 Be6 11. Nd5 Bxd5 12. exd5 Nb4 13. a3 Qc7 14. axb4 Qxc4
15. Rxe7 Rfe8 16. Rxe8+ Rxe8 17. c3 Nxd5 18. Bd2 h5 19. Rxa7 h4 20. Na5 Qd3 21.
Nb3 Re2 22. Ra1 Ne3 23. Bxe3 Qxe3+ 24. Kh1 h3 0-1

[Event "Madrid ch 2022-2023 Semifinal"]
[Site "Madrid ESP"]
[Date "2023.05.03"]
[Round "1.3"]
[White "Longa Yauca, Javier"]
[Black "Lazaro Azcutia, Miguel"]
[Result "1-0"]
[WhiteElo "2216"]
[BlackElo "1953"]
[PlyCount "69"]
[EventDate "2023.05.03"]
[EventType "swiss"]
[EventRounds "9"]
[EventCountry "ESP"]
[SourceTitle "Ajedrez en Madrid"]
[Source "lmi"]
[SourceDate "2023.05.03"]
[SourceVersion "1"]
[SourceVersionDate "2023.05.10"]
[SourceQuality "1"]

1. c4 e6 2. Nc3 d5 3. d4 Nf6 4. Bg5 Be7 5. e3 h6 6. Bxf6 Bxf6 7. Nf3 c6 8. Qc2
Nd7 9. Rd1 a6 10. e4 dxe4 11. Nxe4 Qa5+ 12. Rd2 Qxa2 13. Be2 Qa5 14. Nd6+ Kf8
15. O-O Qc7 16. c5 Be7 17. Nc4 b6 18. cxb6 Nxb6 19. Nxb6 Qxb6 20. Ne5 Ra7 21.
Rc1 Rc7 22. Qe4 Bg5 23. f4 Bf6 24. Rdc2 Bb7 25. Rc5 Be7 26. Nxf7 Rg8 27. Ne5
Bxc5 28. dxc5 Qa5 29. b4 Qa2 30. Rd1 Qd5 31. Rxd5 cxd5 32. Qg6 Bc8 33. Bh5 Re7
34. f5 exf5 35. Qd6 1-0

[Event "Madrid ch 2022-2023 Semifinal"]
[Site "Madrid ESP"]
[Date "2023.05.03"]
[Round "1.4"]
[White "Ruiz Bellon, Manuel"]
[Black "Martinez Fernandez, Raul"]
[Result "0-1"]
[WhiteElo "1944"]
[BlackElo "2190"]
[PlyCount "80"]
[EventDate "2023.05.03"]
[EventType "swiss"]
[EventRounds "9"]
[EventCountry "ESP"]
[SourceTitle "Ajedrez en Madrid"]
[Source "lmi"]
[SourceDate "2023.05.03"]
[SourceVersion "1"]
[SourceVersionDate "2023.05.10"]
[SourceQuality "1"]

1. c4 e6 2. b3 d5 3. Bb2 c5 4. Nf3 d4 5. d3 Nc6 6. g3 Bd6 7. Bg2 Nge7 8. Nbd2
f5 9. e3 O-O 10. exd4 cxd4 11. a3 a5 12. Rc1 e5 13. Qe2 Ng6 14. O-O Qe7 15. h4
h6 16. Rfe1 Re8 17. h5 Nf8 18. Nh4 Bd7 19. Bd5+ Kh8 20. Qf3 Qg5 21. Re2 e4 22.
dxe4 f4 23. Bxc6 bxc6 24. Qg2 Qxh5 25. Rce1 c5 26. e5 Be7 27. Ndf3 Bg4 28. Nxd4
cxd4 29. f3 Be6 30. Qh1 d3 31. Re4 fxg3 32. Bc1 Bc5+ 33. Be3 Nd7 34. Qg2 g5 35.
Qxg3 d2 36. Rd1 Bxe3+ 37. Rxe3 gxh4 38. Qf2 Rg8+ 39. Kh1 Rg3 40. Rxd2 Qf5 0-1

[Event "Madrid ch 2022-2023 Semifinal"]
[Site "Madrid ESP"]
[Date "2023.05.03"]
[Round "1.5"]
[White "Centeno Mendoza, Julio Stefano"]
[Black "Roquero Redondo, Miguel"]
[Result "1-0"]
[WhiteElo "2148"]
[BlackElo "1936"]
[PlyCount "63"]
[EventDate "2023.05.03"]
[EventType "swiss"]
[EventRounds "9"]
[EventCountry "ESP"]
[SourceTitle "Ajedrez en Madrid"]
[Source "lmi"]
[SourceDate "2023.05.03"]
[SourceVersion "1"]
[SourceVersionDate "2023.05.10"]
[SourceQuality "1"]

1. e4 c5 2. c3 Nf6 3. e5 Nd5 4. Bc4 Nb6 5. Bb3 d6 6. exd6 Qxd6 7. Na3 Be6 8.
Nf3 Bxb3 9. Qxb3 Nc6 10. O-O e6 11. d4 cxd4 12. Nb5 Qd8 13. Nbxd4 Nxd4 14. Nxd4
Be7 15. Rd1 Qd5 16. Nb5 Qc6 17. Be3 Nc4 18. Nxa7 Rxa7 19. Bxa7 O-O 20. Bd4 e5
21. Be3 b5 22. Re1 f5 23. Bf4 e4 24. a4 bxa4 25. Rxa4 Rc8 26. Rd1 Kh8 27. Rd4
Nb6 28. Ra6 Bc5 29. Rd1 Qb7 30. Qb5 g5 31. Be5+ Kg8 32. b4 1-0

[Event "Madrid ch 2022-2023 Semifinal"]
[Site "Madrid ESP"]
[Date "2023.05.03"]
[Round "1.6"]
[White "Palomo Monserrat, Lorenzo"]
[Black "Torres Boch, Jose Francisco"]
[Result "0-1"]
[WhiteElo "1929"]
[BlackElo "2139"]
[PlyCount "136"]
[EventDate "2023.05.03"]
[EventType "swiss"]
[EventRounds "9"]
[EventCountry "ESP"]
[SourceTitle "Ajedrez en Madrid"]
[Source "lmi"]
[SourceDate "2023.05.03"]
[SourceVersion "1"]
[SourceVersionDate "2023.05.10"]
[SourceQuality "1"]

1. d4 Nf6 2. c4 e6 3. Nf3 d5 4. Bg5 Be7 5. e3 Nbd7 6. cxd5 exd5 7. Nc3 c6 8.
Bd3 Nf8 9. O-O Ne6 10. Bh4 O-O 11. Qc2 g6 12. Rab1 a5 13. a3 Ng7 14. b4 Bf5 15.
b5 Bxa3 16. bxc6 bxc6 17. Ne5 Rc8 18. Bxf5 Nxf5 19. Bxf6 Qxf6 20. Nd7 Qe6 21.
Nxf8 Bxf8 22. Ne2 Bb4 23. Nf4 Qe4 24. Qxe4 dxe4 25. Rfc1 Ne7 26. Rc4 g5 27. Ne2
f5 28. Rbc1 Kf7 29. g4 f4 30. exf4 gxf4 31. Nc3 e3 32. fxe3 fxe3 33. Kf1 Rg8
34. h3 h5 35. gxh5 Nf5 36. Ne4 Re8 37. Nc3 Rh8 38. Rxc6 Rxh5 39. Rc7+ Kg6 40.
Ne2 Kg5 41. Kg2 Nh4+ 42. Kh1 Nf3 43. Ng3 Rxh3+ 44. Kg2 Rxg3+ 45. Kxg3 Nxd4 46.
R1c5+ Kf6 47. R7c6+ Kf7 48. Rc7+ Ke6 49. Rc4 e2 50. Rc1 e1=Q+ 51. Rxe1+ Bxe1+
52. Kf4 Kd5 53. Rd7+ Kc5 54. Ke4 Nc6 55. Rd1 Bb4 56. Rc1+ Kb5 57. Kd3 Ne5+ 58.
Kd4 Nf3+ 59. Kd5 a4 60. Ke4 Ne1 61. Ke3 a3 62. Ke2 Ka4 63. Rc8 a2 64. Rc1 Nc2
65. Kd3 Kb3 66. Rd1 Kb2 67. Ke2 Na3 68. Kd3 Nb1 0-1

[Event "Madrid ch 2022-2023 Semifinal"]
[Site "Madrid ESP"]
[Date "2023.05.03"]
[Round "1.7"]
[White "De La Puerta Cresis, Javier"]
[Black "Gaibor Gallardo, Gonzalo"]
[Result "1-0"]
[WhiteElo "2138"]
[BlackElo "1923"]
[PlyCount "89"]
[EventDate "2023.05.03"]
[EventType "swiss"]
[EventRounds "9"]
[EventCountry "ESP"]
[SourceTitle "Ajedrez en Madrid"]
[Source "lmi"]
[SourceDate "2023.05.03"]
[SourceVersion "1"]
[SourceVersionDate "2023.05.10"]
[SourceQuality "1"]

1. e4 c6 2. d4 d5 3. e5 Bf5 4. Nf3 e6 5. Be2 c5 6. c3 Qb6 7. O-O Nc6 8. dxc5
Bxc5 9. b4 Be7 10. Be3 Qd8 11. b5 Na5 12. Qa4 b6 13. Rd1 Qc7 14. c4 Nxc4 15.
Rc1 Bc5 16. Bxc5 Qxc5 17. Nbd2 Qa3 18. Rxc4 Qb2 19. Rcc1 Kd7 20. Qb3 Qxb3 21.
axb3 h6 22. Nd4 Ne7 23. N2f3 Rhc8 24. Nc6 Rc7 25. Nxe7 Rxc1+ 26. Rxc1 Kxe7 27.
Nd4 Bg6 28. Ra1 Kd7 29. h4 f6 30. f4 Bf7 31. Kf2 Kc7 32. Rc1+ Kd7 33. Ke3 h5
34. Rc6 f5 35. Bf3 Re8 36. Rd6+ Kc7 37. Nc6 Ra8 38. Nb4 g6 39. Na6+ Kc8 40. Kd4
Bg8 41. Rc6+ Kd8 42. Nc7 Rc8 43. Nxe6+ Bxe6 44. Rxe6 Rc5 45. Rd6+ 1-0

[Event "Madrid ch 2022-2023 Semifinal"]
[Site "Madrid ESP"]
[Date "2023.05.03"]
[Round "1.8"]
[White "Moreno Torrero, Javier"]
[Black "Nunez Miranda, Adrian"]
[Result "0-1"]
[WhiteElo "1910"]
[BlackElo "2127"]
[PlyCount "64"]
[EventDate "2023.05.03"]
[EventType "swiss"]
[EventRounds "9"]
[EventCountry "ESP"]
[SourceTitle "Ajedrez en Madrid"]
[Source "lmi"]
[SourceDate "2023.05.03"]
[SourceVersion "1"]
[SourceVersionDate "2023.05.10"]
[SourceQuality "1"]

1. e4 d6 2. d4 Nf6 3. Nc3 e5 4. dxe5 dxe5 5. Qxd8+ Kxd8 6. Nf3 Bd6 7. Bc4 Be6
8. Bxe6 fxe6 9. O-O a6 10. Be3 b5 11. a3 Nc6 12. h3 Ke7 13. Nd2 Nd4 14. Bxd4
exd4 15. Ne2 c5 16. f4 e5 17. fxe5 Bxe5 18. Nf3 Bc7 19. Rae1 a5 20. e5 Nd5 21.
Ng5 Raf8 22. Rxf8 Rxf8 23. Ne4 Bb6 24. Nc1 c4 25. Kh1 Ne3 26. Ne2 Nxc2 27. Rc1
Ne3 28. Nd6 d3 29. Nc3 d2 30. Rb1 b4 31. axb4 axb4 32. Nd1 Nxd1 0-1

[Event "Madrid ch 2022-2023 Semifinal"]
[Site "Madrid ESP"]
[Date "2023.05.03"]
[Round "1.10"]
[White "Vazquez Gonzalez, Jesus"]
[Black "Rodriguez Avila, Alvaro"]
[Result "0-1"]
[WhiteElo "1905"]
[BlackElo "2114"]
[PlyCount "108"]
[EventDate "2023.05.03"]
[EventType "swiss"]
[EventRounds "9"]
[EventCountry "ESP"]
[SourceTitle "Ajedrez en Madrid"]
[Source "lmi"]
[SourceDate "2023.05.03"]
[SourceVersion "1"]
[SourceVersionDate "2023.05.10"]
[SourceQuality "1"]

1. e4 c5 2. c3 g6 3. d4 cxd4 4. cxd4 d5 5. e5 Nc6 6. Nc3 Nh6 7. Nf3 Bg4 8. Bb5
Nf5 9. Be3 Bg7 10. h3 Bxf3 11. Qxf3 O-O 12. Bxc6 bxc6 13. g4 Nxe3 14. Qxe3 Rb8
15. Qd2 e6 16. O-O-O c5 17. f4 cxd4 18. Qxd4 Qa5 19. Kb1 Rfc8 20. Ka1 Rc4 21.
Qd2 Bf8 22. Ne2 Qa6 23. f5 Ra4 24. Nc1 Rc8 25. b3 Re4 26. Nd3 Qb6 27. Rhe1 Qd4+
28. Kb1 Rxe1 29. Qxe1 Rc3 30. Nb2 Qe3 31. h4 Qxe1 32. Rxe1 Rg3 33. fxe6 fxe6
34. g5 Rh3 35. Rc1 Rxh4 36. Rc7 a5 37. Nd3 a4 38. Rc6 Kf7 39. Rc7+ Be7 40. b4
Rd4 41. Kc2 Rc4+ 42. Rxc4 dxc4 43. Nc5 Bxg5 44. b5 Be3 45. Nxa4 h5 46. Kd1 g5
47. b6 Bd4 48. b7 Bxe5 49. Nc5 h4 50. Ne4 Kg6 51. a4 h3 52. Nf2 h2 53. a5 g4
54. a6 Bb8 0-1

[Event "Madrid ch 2022-2023 Semifinal"]
[Site "Madrid ESP"]
[Date "2023.05.03"]
[Round "1.11"]
[White "Tenorio Garcia, Joel"]
[Black "Martin Martin, Luis Vicente"]
[Result "1-0"]
[WhiteElo "2100"]
[BlackElo "1875"]
[PlyCount "67"]
[EventDate "2023.05.03"]
[EventType "swiss"]
[EventRounds "9"]
[EventCountry "ESP"]
[SourceTitle "Ajedrez en Madrid"]
[Source "lmi"]
[SourceDate "2023.05.03"]
[SourceVersion "1"]
[SourceVersionDate "2023.05.10"]
[SourceQuality "1"]

1. e4 e6 2. d4 d5 3. Nc3 dxe4 4. Nxe4 Nd7 5. Nf3 Ngf6 6. Bg5 h6 7. Nxf6+ Nxf6
8. Bd2 c5 9. Bd3 cxd4 10. Qe2 Bc5 11. O-O-O Qc7 12. Ne5 a6 13. g4 Be7 14. h4
Bd7 15. g5 Nd5 16. gxh6 Bf6 17. Nxd7 Qxd7 18. hxg7 Bxg7 19. Kb1 O-O-O 20. Be4
Kb8 21. Rh3 Qc7 22. Rb3 Ka7 23. h5 Rd6 24. Rc1 Rc8 25. c4 dxc3 26. bxc3 f5 27.
Bg2 Qc4 28. Be3+ Ka8 29. Qb2 Qd3+ 30. Ka1 Rdc6 31. Bf1 Rxc3 32. Rcxc3 Rxc3 33.
Bxd3 Rc7 34. Qxg7 1-0

[Event "Madrid ch 2022-2023 Semifinal"]
[Site "Madrid ESP"]
[Date "2023.05.03"]
[Round "1.12"]
[White "Marin Lopez, Jeronimo"]
[Black "Mota Cossio, Alberto"]
[Result "1/2-1/2"]
[WhiteElo "1874"]
[BlackElo "2087"]
[PlyCount "53"]
[EventDate "2023.05.03"]
[EventType "swiss"]
[EventRounds "9"]
[EventCountry "ESP"]
[SourceTitle "Ajedrez en Madrid"]
[Source "lmi"]
[SourceDate "2023.05.03"]
[SourceVersion "1"]
[SourceVersionDate "2023.05.10"]
[SourceQuality "1"]

1. e4 c5 2. Nc3 e6 3. Nf3 a6 4. d4 cxd4 5. Nxd4 Qc7 6. Bd3 Nf6 7. O-O Bc5 8.
Be3 d6 9. Qe2 Nbd7 10. f4 h5 11. h3 b5 12. Nf3 Bb7 13. a3 O-O-O 14. Ng5 Rdf8
15. Na2 h4 16. Rfc1 d5 17. e5 Nh5 18. Qf2 Ng3 19. a4 Bxe3 20. Qxe3 Nb6 21. axb5
axb5 22. Bxb5 Nc4 23. Bxc4 Qxc4 24. b3 Qxf4 25. Qc5+ Kb8 26. Qd6+ Kc8 27. Qc5+
1/2-1/2

[Event "Madrid ch 2022-2023 Semifinal"]
[Site "Madrid ESP"]
[Date "2023.05.03"]
[Round "1.13"]
[White "Torres Rebolledo, Alvaro"]
[Black "Vinas Lopez, Carlos"]
[Result "1-0"]
[WhiteElo "2082"]
[BlackElo "1874"]
[PlyCount "48"]
[EventDate "2023.05.03"]
[EventType "swiss"]
[EventRounds "9"]
[EventCountry "ESP"]
[SourceTitle "Ajedrez en Madrid"]
[Source "lmi"]
[SourceDate "2023.05.03"]
[SourceVersion "1"]
[SourceVersionDate "2023.05.10"]
[SourceQuality "1"]

1. e4 c5 2. c3 Nf6 3. e5 Nd5 4. d4 cxd4 5. Nf3 e6 6. cxd4 d6 7. a3 Nc6 8. Bd3
dxe5 9. dxe5 Qc7 10. O-O g6 11. Re1 Bg7 12. Qe2 O-O 13. h4 h5 14. b4 a6 15. g3
Rd8 16. Bb2 b5 17. Nbd2 Nb6 18. Rac1 Na4 19. Ba1 Bb7 20. Ne4 Qe7 21. Nf6+ Kh8
22. Be4 Rac8 23. Ng5 Bxf6 24. exf6 Nd4 1-0

[Event "Madrid ch 2022-2023 Semifinal"]
[Site "Madrid ESP"]
[Date "2023.05.03"]
[Round "1.14"]
[White "Carela Ferrer, Francisco Javier"]
[Black "Vioque Gonzalez, Nicolas"]
[Result "1-0"]
[WhiteElo "1869"]
[BlackElo "2081"]
[PlyCount "149"]
[EventDate "2023.05.03"]
[EventType "swiss"]
[EventRounds "9"]
[EventCountry "ESP"]
[SourceTitle "Ajedrez en Madrid"]
[Source "lmi"]
[SourceDate "2023.05.03"]
[SourceVersion "1"]
[SourceVersionDate "2023.05.10"]
[SourceQuality "1"]

1. e4 e5 2. Nf3 Nc6 3. Bc4 Bc5 4. c3 Nf6 5. d3 d6 6. O-O a6 7. a4 Ba7 8. Re1 h6
9. Nbd2 Qe7 10. b4 O-O 11. Nf1 Be6 12. Bb3 a5 13. b5 Nd8 14. d4 Nd7 15. Ba3 Bg4
16. Ne3 Bxf3 17. Qxf3 Ne6 18. Nf5 Qf6 19. d5 Nf4 20. Rad1 Kh7 21. Bc1 Ng6 22.
Rf1 Ne7 23. Nxe7 Qxe7 24. Qf5+ g6 25. Qh3 g5 26. Qf5+ Kg7 27. h4 f6 28. g3 Rh8
29. Kg2 Rag8 30. Rh1 Kf8 31. hxg5 hxg5 32. Rxh8 Rxh8 33. Rh1 Rxh1 34. Kxh1 Kg7
35. Bd1 Qf7 36. Kg2 Bc5 37. Qh3 Nf8 38. Qc8 Nd7 39. Bg4 Nb6 40. Qxb7 Nxa4 41.
Be6 Qg6 42. Qxc7+ Kh6 43. Bf5 Qg8 44. Qxa5 Nb6 45. Qa1 Qf7 46. g4 Kg7 47. Qa2
Qb7 48. Qe2 Qa8 49. Be3 Qa3 50. Bxc5 Qxc5 51. Qf3 Kg8 52. Qh3 Qc7 53. Be6+ Kg7
54. Qh5 Qe7 55. Bf5 Qf7 56. Qh7+ Kf8 57. Qh8+ Ke7 58. Qb8 Nxd5 59. Qb7+ Kf8 60.
Qxf7+ Kxf7 61. exd5 Ke7 62. Kf3 Kd8 63. Ke4 Kc7 64. Kd3 Kb6 65. Kc4 Ka5 66. Be4
Kb6 67. Kb4 Kb7 68. Ka5 Ka7 69. Kb4 Kb6 70. c4 Kc7 71. c5 Kd7 72. b6 Kc8 73.
Kb5 f5 74. Bxf5+ Kb8 75. c6 1-0

[Event "Madrid ch 2022-2023 Semifinal"]
[Site "Madrid ESP"]
[Date "2023.05.03"]
[Round "1.16"]
[White "Garcia Galeote, Lorenzo"]
[Black "Pastor Alonso De Prado, Alberto"]
[Result "0-1"]
[WhiteElo "1855"]
[BlackElo "2055"]
[PlyCount "122"]
[EventDate "2023.05.03"]
[EventType "swiss"]
[EventRounds "9"]
[EventCountry "ESP"]
[SourceTitle "Ajedrez en Madrid"]
[Source "lmi"]
[SourceDate "2023.05.03"]
[SourceVersion "1"]
[SourceVersionDate "2023.05.10"]
[SourceQuality "1"]

1. c4 e6 2. Nc3 d5 3. cxd5 exd5 4. d4 c6 5. Qc2 Na6 6. Bf4 Nc7 7. Bxc7 Qxc7 8.
Nxd5 Qd6 9. Nc3 Qxd4 10. Rd1 Qb6 11. e3 Nf6 12. Nf3 Be7 13. Bc4 O-O 14. O-O Bg4
15. Rd4 Rad8 16. Rfd1 Bh5 17. Rxd8 Rxd8 18. Rxd8+ Qxd8 19. Bd3 c5 20. Ng5 h6
21. Nge4 b6 22. h3 Nxe4 23. Bxe4 f6 24. Bd5+ Kh8 25. Qf5 Be8 26. Be4 g6 27. Qf4
Kg7 28. Nd5 Bd6 29. Qf3 f5 30. Bc2 Bc6 31. e4 Be5 32. Nc3 Qd2 33. Qd1 Bxc3 34.
bxc3 Qxd1+ 35. Bxd1 Bxe4 36. f3 Bd5 37. a4 f4 38. Kf2 Kf6 39. h4 g5 40. hxg5+
hxg5 41. g3 Ke5 42. g4 Bc4 43. Ke1 a5 44. Kd2 b5 45. axb5 Bxb5 46. Bb3 c4 47.
Bd1 Bd7 48. Bc2 a4 49. Kc1 a3 50. Bd1 Bxg4 51. fxg4 Ke4 52. Be2 f3 53. Bxc4 Kf4
54. Kd2 Kxg4 55. Ke1 Kf4 56. Kf1 g4 57. Ba2 g3 58. c4 Ke3 59. c5 g2+ 60. Kg1
Ke2 61. c6 f2+ 0-1

[Event "Madrid ch 2022-2023 Semifinal"]
[Site "Madrid ESP"]
[Date "2023.05.03"]
[Round "1.17"]
[White "Luque Ibanes, Manuel"]
[Black "Fernandez Garcia, Ignacio"]
[Result "1-0"]
[WhiteElo "2047"]
[BlackElo "1840"]
[PlyCount "69"]
[EventDate "2023.05.03"]
[EventType "swiss"]
[EventRounds "9"]
[EventCountry "ESP"]
[SourceTitle "Ajedrez en Madrid"]
[Source "lmi"]
[SourceDate "2023.05.03"]
[SourceVersion "1"]
[SourceVersionDate "2023.05.10"]
[SourceQuality "1"]

1. Nf3 c6 2. g3 d5 3. Bg2 Nf6 4. d4 g6 5. c4 dxc4 6. Nc3 Bg7 7. Ne5 O-O 8. Nxc4
Nd5 9. O-O Na6 10. e4 Nb6 11. Ne5 Nc7 12. f4 Nd7 13. Be3 Nxe5 14. dxe5 Qxd1 15.
Raxd1 b6 16. Rd2 f6 17. exf6 exf6 18. Rd6 Ba6 19. Rfd1 Nb5 20. Nxb5 Bxb5 21. b3
Rac8 22. a4 Ba6 23. Rd7 Ra8 24. Rc7 Rfd8 25. Rxd8+ Rxd8 26. Rxa7 Bd3 27. Bxb6
Re8 28. Rd7 Bc2 29. a5 Ra8 30. Rd8+ Rxd8 31. Bxd8 Bd3 32. Bb6 Bf8 33. Bf1 Bxe4
34. a6 c5 35. a7 1-0

[Event "Madrid ch 2022-2023 Semifinal"]
[Site "Madrid ESP"]
[Date "2023.05.03"]
[Round "1.18"]
[White "Sanchez Rodriguez, Jaime"]
[Black "Barraza Caracuel, Ignacio"]
[Result "0-1"]
[WhiteElo "1839"]
[BlackElo "2042"]
[PlyCount "98"]
[EventDate "2023.05.03"]
[EventType "swiss"]
[EventRounds "9"]
[EventCountry "ESP"]
[SourceTitle "Ajedrez en Madrid"]
[Source "lmi"]
[SourceDate "2023.05.03"]
[SourceVersion "1"]
[SourceVersionDate "2023.05.10"]
[SourceQuality "1"]

1. d4 Nf6 2. Bg5 d5 3. e3 Nbd7 4. Nd2 h6 5. Bxf6 Nxf6 6. Bd3 g6 7. f4 Bf5 8.
Qe2 e6 9. Ngf3 Bg7 10. O-O O-O 11. Ne5 Qd6 12. c3 c5 13. g4 Bxd3 14. Qxd3 c4
15. Qe2 b5 16. Qg2 b4 17. f5 exf5 18. gxf5 g5 19. h4 Nh7 20. Ndf3 f6 21. Ng6
Rfe8 22. Rae1 Rab8 23. hxg5 fxg5 24. Nge5 Nf6 25. Nd2 bxc3 26. bxc3 Rb2 27. Rb1
Rxb1 28. Rxb1 Rxe5 29. dxe5 Qxe5 30. Qf3 Qxc3 31. Nf1 Qe5 32. Ng3 g4 33. Qf2
Bf8 34. Ne2 Bc5 35. Nd4 Ne4 36. Qh2 Bxd4 37. Rb8+ Kg7 38. Rb7+ Kf6 39. Qxh6+
Kxf5 40. Qh7+ Kg5 41. Qg8+ Kh4 42. Qh7+ Kg3 43. Qh2+ Kf3 44. Rf7+ Kxe3 45. Qc2
Qg3+ 46. Kh1 Qe1+ 47. Kg2 Qe2+ 48. Qxe2+ Kxe2 49. Rd7 c3 0-1

[Event "Madrid ch 2022-2023 Semifinal"]
[Site "Madrid ESP"]
[Date "2023.05.03"]
[Round "1.19"]
[White "Martinez Garcia, Ruben"]
[Black "Vukotic Jovsic, Dragan"]
[Result "1-0"]
[WhiteElo "2030"]
[BlackElo "1836"]
[PlyCount "27"]
[EventDate "2023.05.03"]
[EventType "swiss"]
[EventRounds "9"]
[EventCountry "ESP"]
[SourceTitle "Ajedrez en Madrid"]
[Source "lmi"]
[SourceDate "2023.05.03"]
[SourceVersion "1"]
[SourceVersionDate "2023.05.10"]
[SourceQuality "1"]

1. e4 e5 2. Nf3 d6 3. c3 Qe7 4. Bc4 Be6 5. Bxe6 Qxe6 6. O-O Nf6 7. Re1 Nbd7 8.
d4 c6 9. Qc2 h6 10. Nbd2 Be7 11. Nf1 O-O-O 12. Ng3 g6 13. h3 h5 14. Ng5 1-0

[Event "Madrid ch 2022-2023 Semifinal"]
[Site "Madrid ESP"]
[Date "2023.05.03"]
[Round "1.20"]
[White "Cardena Contreras, Javier"]
[Black "Perdomo Araujo, Angel Eduardo"]
[Result "0-1"]
[WhiteElo "1819"]
[BlackElo "2027"]
[PlyCount "82"]
[EventDate "2023.05.03"]
[EventType "swiss"]
[EventRounds "9"]
[EventCountry "ESP"]
[SourceTitle "Ajedrez en Madrid"]
[Source "lmi"]
[SourceDate "2023.05.03"]
[SourceVersion "1"]
[SourceVersionDate "2023.05.10"]
[SourceQuality "1"]

1. e4 d5 2. exd5 Qxd5 3. Nc3 Qd6 4. d4 Nf6 5. Nf3 c6 6. Be3 Bg4 7. h3 Bh5 8. g4
Bg6 9. Ne5 Nbd7 10. Qe2 Nd5 11. Nxg6 hxg6 12. Ne4 Qc7 13. Bd2 e6 14. Ng5 Be7
15. Qf3 N7f6 16. O-O-O b5 17. Bd3 Bd6 18. Bxg6 fxg6 19. Nxe6 Qf7 20. Rhe1 Ne7
21. Nc7+ Kd7 22. Nxa8 Qxa2 23. c3 Rxa8 24. Kc2 a5 25. Ra1 Qd5 26. Qd3 a4 27.
Kd1 Qb3+ 28. Qc2 Qxc2+ 29. Kxc2 Ned5 30. Be3 b4 31. cxb4 Nxb4+ 32. Kd2 Nfd5 33.
Rac1 Na2 34. Rc4 Nb6 35. Kd3 Nxc4 36. Kxc4 Nb4 37. Re2 Nd5 38. Bc1 Rh8 39. f4
Rxh3 40. f5 a3 41. bxa3 Rc3# 0-1

[Event "Madrid ch 2022-2023 Semifinal"]
[Site "Madrid ESP"]
[Date "2023.05.03"]
[Round "1.21"]
[White "Moreno Lopez, Avelino"]
[Black "Sprenger de la Iglesia, Yevgeni"]
[Result "1-0"]
[WhiteElo "2008"]
[BlackElo "1807"]
[PlyCount "56"]
[EventDate "2023.05.03"]
[EventType "swiss"]
[EventRounds "9"]
[EventCountry "ESP"]
[SourceTitle "Ajedrez en Madrid"]
[Source "lmi"]
[SourceDate "2023.05.03"]
[SourceVersion "1"]
[SourceVersionDate "2023.05.10"]
[SourceQuality "1"]

1. d4 d5 2. c4 c6 3. Nc3 Nf6 4. Nf3 e6 5. Bf4 Nbd7 6. e3 Be7 7. Bd3 dxc4 8.
Bxc4 Nd5 9. Bg3 Qa5 10. Rc1 b5 11. Bb3 Nxc3 12. bxc3 O-O 13. O-O Nb6 14. Ne5
Bb7 15. Qh5 Nd5 16. c4 Nf6 17. Qf3 Qa6 18. c5 Rac8 19. h4 Ba8 20. h5 h6 21. Bh4
Qb7 22. Bc2 Nd5 23. Bg3 Bd8 24. Ng4 Re8 25. e4 Ne7 26. Be5 f5 27. Nxh6+ Kh7 28.
Nf7 Ng8 1-0

[Event "Madrid ch 2022-2023 Semifinal"]
[Site "Madrid ESP"]
[Date "2023.05.03"]
[Round "1.22"]
[White "Blazquez Sanz, Oscar"]
[Black "Ruiz Vazquez, Javier"]
[Result "0-1"]
[WhiteElo "1800"]
[BlackElo "1983"]
[PlyCount "80"]
[EventDate "2023.05.03"]
[EventType "swiss"]
[EventRounds "9"]
[EventCountry "ESP"]
[SourceTitle "Ajedrez en Madrid"]
[Source "lmi"]
[SourceDate "2023.05.03"]
[SourceVersion "1"]
[SourceVersionDate "2023.05.10"]
[SourceQuality "1"]

1. e4 c5 2. Nf3 d6 3. d4 cxd4 4. Nxd4 Nf6 5. Nc3 a6 6. Be3 e5 7. Nb3 Be7 8. f3
Be6 9. Qd2 Nbd7 10. O-O-O O-O 11. g4 b5 12. g5 b4 13. Nd5 Nxd5 14. exd5 Bf5 15.
h4 a5 16. Kb1 a4 17. Nc1 b3 18. Bd3 bxc2+ 19. Bxc2 Bxc2+ 20. Qxc2 Qa5 21. h5
Rfc8 22. Qd2 Qxd2 23. Rxd2 Rab8 24. Ne2 Nb6 25. Bxb6 Rxb6 26. Rg1 Rb4 27. h6 g6
28. Nc3 Rxc3 29. f4 exf4 30. a3 Rxa3 31. Rc2 Rb8 32. Rc7 Re3 33. Rg4 a3 34. b4
Rxb4+ 35. Kc2 Rb2+ 36. Kd1 a2 37. Rc8+ Bf8 38. Ra8 Rb1+ 39. Kd2 a1=Q 40. Rxf4
Qc3# 0-1

[Event "Madrid ch 2022-2023 Semifinal"]
[Site "Madrid ESP"]
[Date "2023.05.03"]
[Round "1.23"]
[White "Estevez Sacristan, Deva"]
[Black "Lopez Herrero, Israel"]
[Result "1-0"]
[WhiteElo "1978"]
[BlackElo "1792"]
[PlyCount "83"]
[EventDate "2023.05.03"]
[EventType "swiss"]
[EventRounds "9"]
[EventCountry "ESP"]
[SourceTitle "Ajedrez en Madrid"]
[Source "lmi"]
[SourceDate "2023.05.03"]
[SourceVersion "1"]
[SourceVersionDate "2023.05.10"]
[SourceQuality "1"]

1. e4 c5 2. Nc3 e6 3. Nf3 Nc6 4. d4 cxd4 5. Nxd4 Nf6 6. Nxc6 bxc6 7. e5 Nd5 8.
Ne4 Qc7 9. f4 Qb6 10. c4 Bb4+ 11. Ke2 f5 12. Nf2 Ba6 13. Kf3 Ne7 14. Be3 Bc5
15. Bxc5 Qxc5 16. Qd6 Qb6 17. b4 Rd8 18. Rd1 Bb7 19. Qc5 Qa6 20. Bd3 g5 21.
fxg5 Qxa2 22. h4 Qb2 23. Rhe1 Ba8 24. Rb1 Qd2 25. Re2 Qc3 26. Rc2 Qa3 27. Ke2
Ng6 28. g3 f4 29. Ne4 f3+ 30. Kd2 Kf7 31. Rf1 Kg7 32. h5 Rdf8 33. Nf6 a5 34.
Bxg6 hxg6 35. Qe7+ Rf7 36. h6+ Rxh6 37. gxh6+ Kxh6 38. Qxf7 Qxb4+ 39. Kd3 d5
40. Qh7+ Kg5 41. Qh4+ Kf5 42. Qf4# 1-0